000 00680nam a2200205Ia 4500
003 GCL
008 140319s9999 xx 000 0 ara d
040 _aGCL /
_cGCL
082 0 4 _aق
_b932
_bك ل
100 1 _aكمال الدين سامح
245 1 0 _aلمحات فى تاريخ العمارة المصرية /
_cكمال الدين سامح
260 _a[S.N] :
_bهيئة الاثار المصرية ،
_c1986
300 _a97 ص
490 _aسلسلة الثقافة الاثرية والتاريخية
_v0
650 0 4 _aمصر
650 0 4 _aتاريخ
650 0 4 _aالاثار الاسلامية
650 0 4 _aالاثار الفرعونية
942 _2ddc
_cBK
999 _c52384
_d52384